Loading...
Kadalil thangiya kanthabhumi
| Hovedforfatter: | |
|---|---|
| Format: | Printed Book |
| Sprog: | Malayalam |
| Udgivet: |
Thiruvanathapuram:
Kerala Bhasha Institute,
2005.
|
| LEADER | 00479nam a22001217a 4500 | ||
|---|---|---|---|
| 008 | 111204s9999 xx 000 0 mal d | ||
| 100 | |a Sasikumar,B.V. | ||
| 245 | |a Kadalil thangiya kanthabhumi |c /B V Sasikumar | ||
| 260 | |a Thiruvanathapuram: |b Kerala Bhasha Institute, |c 2005. | ||
| 300 | |a 101p. | ||
| 942 | |c BK | ||
| 999 | |c 229782 |d 229782 | ||
| 952 | |0 0 |1 0 |2 ddc |4 0 |6 851_090000000000000_SAS_K |7 0 |9 254041 |a MAL |b MAL |c ST1 |d 2012-03-17 |g 50.00 |l 3 |o 851.09 SAS/K |p MAL32165 |r 2016-09-03 |s 2016-06-27 |w 2012-03-17 |y BK | ||